ការរស់រានមានជីវិត / (Record no. 7903)

MARC details
000 -LEADER
fixed length control field 01213nam a22002417a 4500
001 - CONTROL NUMBER
control field 7903
003 - CONTROL NUMBER IDENTIFIER
control field FISKH
005 - DATE AND TIME OF LATEST TRANSACTION
control field 20250813140011.0
008 - FIXED-LENGTH DATA ELEMENTS--GENERAL INFORMATION
fixed length control field 250813b cb ||||| |||| 00| 0 eng d
020 ## - INTERNATIONAL STANDARD BOOK NUMBER
International Standard Book Number 9789995060244
040 ## - CATALOGING SOURCE
Original cataloging agency FISKH
Language of cataloging khr
Transcribing agency FISKH
Modifying agency FISKH
050 ## - LIBRARY OF CONGRESS CALL NUMBER
Classification number PZ7
082 ## - DEWEY DECIMAL CLASSIFICATION NUMBER
Classification number 959.6042 092
100 ## - MAIN ENTRY--PERSONAL NAME
Personal name Mey, Chum
245 ## - TITLE STATEMENT
Title ការរស់រានមានជីវិត /
Statement of responsibility, etc. ជុំ មុី និងមជ្ឈមណ្ឌលឯកសារកម្ពុជា​ ប្រែសម្រួលដោយ គឹម ស្រូយ សុខវិសាល និងសឺម សូរិយា​
260 ## - PUBLICATION, DISTRIBUTION, ETC.
Place of publication, distribution, etc. Phnom Penh :
Name of publisher, distributor, etc. មជ្ឈមណ្ឌលឯកសារកម្ពុជា ,
Date of publication, distribution, etc. 2012.
300 ## - PHYSICAL DESCRIPTION
Extent 112 pages :
Other physical details illustrations ;
Dimensions 21 cm .
520 ## - SUMMARY, ETC.
Summary, etc. សៀវភៅនេះគឺជា ប្រវត្តិជីវិតមនុស្សរស់រានមានជីវិតពីរបបខ្មែរក្រហមដ៏ខ្មៅងងឺត ។<br/>
520 ## - SUMMARY, ETC.
Summary, etc. This book is the life story of a survivor from the dark and brutal Khmer Rouge regime.
700 ## - ADDED ENTRY--PERSONAL NAME
Personal name Takayasi, Marico
Relator term Phtographer
942 ## - ADDED ENTRY ELEMENTS (KOHA)
Source of classification or shelving scheme Dewey Decimal Classification
Koha item type Books
Suppress in OPAC No
Holdings
Withdrawn status Lost status Source of classification or shelving scheme Damaged status Not for loan Collection Home library Current library Shelving location Date acquired Total Checkouts Full call number Barcode Date last seen Price effective from Koha item type
    Dewey Decimal Classification     Khmer Language Books / សៀវភៅភាសាខ្មែរ Footprints International School Library Network Toul Tom Poung Campus Footprints International School Library Network Toul Tom Poung Campus TTP Secondary Khmer Bookshelves 08/13/2025   MEY PZ7 959.6042 092 2025-4080 08/13/2025 08/13/2025 Books